zpět

Detail výsledku týmu

ZÓNA 59, Brno

Datum a čas kvízu

7 Celkem bodů Celkový počet nahraných bodů na tomto kvízu bez doplňovacích otázek.
9. Pořadí na kvízu Konečné umístění týmu na tomto kvízu.

Zaznamenané odpovědi

# Otázka Odpověď Body Výsledky
1. Sobotní vyhlašování cen Český... 1
2. Do prodejny mobilů přišla žena... 0
3. Jak se nazývá animovaný snímek... 0
4. Na letošním ženevském autosalo... 0
5. Petr Čech překonal v nedělním... 1
6. V tomto tématu si posvítíme na... 0
7. Které jsou nejrozšířenější jaz... 0
8. Největší jezera na světě co do... 0.5
9. Státy USA s největší rozlohou:... 0.5
10. Evropské země podle rozlohy: 1... 0